000 00322pam a2200133a 44500
008 230405s2021 xxu||||| |||| 00| 0 eng d
041 _aENG
100 _aDR RAGEEB USMAN
245 _aA PRACTICAL BOOK OF PHARMACOGNOSY
250 _a1
260 _aNEW DELHI
_bS VIKAS PUBLISHING
_c2021
300 _a45
906 _a2919
999 _c268358
_d268358